Complete reference Visual Basic 6 (Record no. 4063)

MARC details
000 -LEADER
fixed length control field 00342nam a2200145Ia 4500
008 - FIXED-LENGTH DATA ELEMENTS--GENERAL INFORMATION
fixed length control field 191201s2009 xx 000 0 und d
020 ## - INTERNATIONAL STANDARD BOOK NUMBER
International Standard Book Number 9780074636664
082 ## - DEWEY DECIMAL CLASSIFICATION NUMBER
Classification number 005.133
Item number JEC
100 ## - MAIN ENTRY--PERSONAL NAME
Personal name Jerke, Noel
245 #0 - TITLE STATEMENT
Title Complete reference Visual Basic 6
260 ## - PUBLICATION, DISTRIBUTION, ETC. (IMPRINT)
Place of publication, distribution, etc N.Delhi
Name of publisher, distributor, etc TMG
Date of publication, distribution, etc 2009
300 ## - PHYSICAL DESCRIPTION
Extent 788
650 ## - SUBJECT ADDED ENTRY--TOPICAL TERM
Topical term or geographic name as entry element MCA
942 ## - ADDED ENTRY ELEMENTS (KOHA)
Source of classification or shelving scheme Dewey Decimal Classification
Koha item type Text Books
Holdings
Withdrawn status Lost status Source of classification or shelving scheme Damaged status Not for loan Collection code Home library Current library Date acquired Source of acquisition Cost, normal purchase price Bill Number Total Checkouts Full call number Acc. no. / Barcode Date last seen Bill Date Koha item type
    Dewey Decimal Classification     MCA PIET C-LIBRARY PIET C-LIBRARY 19/08/2009 J B C, New Delhi 495.00 SI-1807   005.133 JEC 13273 04/12/2019 28/07/2009 Text Books
    Dewey Decimal Classification     MCA PIET C-LIBRARY PIET C-LIBRARY 19/08/2009 J B C, New Delhi 495.00 SI-1807   005.133 JEC 13274 04/12/2019 28/07/2009 Text Books

Design & Developed by: PIET Central Library
R70 Miles Stone Pattikalyana Samalkha Panipat 132102
mail ID :- [email protected], Phone No:- 0180-2569700 Ex.216